Responses for Show #8964 - Thursday, November 2, 2023

2023 Champions Wildcard Diamonds semifinal game 1.

Contestants

[<< previous game]

Yoshie Hill, a program support specialist from Colma, California

Emily Sands, a project manager from Chanhassen, Minnesota

Dave Rapp, a writer from Valley Village, California

[next game >>]

Jeopardy! Round responses

MYTHING IN ACTION
FICTION-ALE
ALL THE PRESIDENTS' CHILDREN
GROWING PAINS
WOOD
COMPLETES THE PROVERB
    $200 23
Hades

Yoshie
    $200 21
Futurama

Emily
    $200 25
Chelsea Clinton

Emily
    $200 28
varicose veins

Yoshie
    $200 26
Woodstock

Dave
    $200 30
together

Emily
    $400 14
the Pleiades

Emily
    $400 20
The Lord of the Rings

Emily
    $400 24
Tad

Emily
    $400 27
kidney stones

Emily
    $400 22
Woody Woodpecker

Dave
    $400 29
run deep

Yoshie
    $600 5
Cassandra

Yoshie
    $600 12
Romulans

Dave
    $600 11
Rosebud

Dave
    $600 15
carpal tunnel syndrome

Emily
    $600 4
timber

Dave
    $600 3
barefoot

Emily
    $800 13
Odysseus

Dave
    $800 8
butterbeer

Emily
    $3,200 9
(Emily: What is... Tyler?)
...
(Ken: Tyler's got the living grandkids.)

Eisenhower

Emily
    $800 18
osteoporosis

Yoshie
    $800 16
the Argo

Emily
    $800 2
heaven

Emily
    $1000 6
a wolf

Dave
    $1000 7
Friends

Dave
    $1000 10
(Dave: Who is Gandhi?)

Woodrow Wilson

Dave
Triple Stumper
    $1000 19
(Emily: What is cortisol? [*].)

cortisone

Emily
    $1000 17
(Yoshie: Oh, what is "The Vienna Woods"? "In The Vienna Woods"?)

"Tales From The Vienna Woods"

Yoshie
Triple Stumper
    $1000 1
beggars would ride

Emily

Scores at the first commercial break (after clue 15):

Dave Emily Yoshie
$3,600 $1,000 $600

Scores at the end of the Jeopardy! Round:

Dave Emily Yoshie
$4,200 $4,600 $1,200

Double Jeopardy! Round responses

FUN WITH THE PERIODIC TABLE
KENNEDY CENTER HONOREES
CLIFFS NOTES: DRAMA
(Ken: You'll name the play.)
SOUSED
MISNOMERS
O-E-O-E
(Ken: That sequence will appear in each correct response.)
    $400 25
mercury

Dave
    $400 19
Stevie Wonder

Dave
    $400 30
Death of a Salesman

Dave
    $400 28
ouzo

Emily
    $400 1
German

Dave
    $400 2
lonesome

Emily
    $800 14
a metal

Emily
    $800 18
Frank Sinatra

Yoshie
    $800 29
Who's Afraid of Virginia Woolf?

Yoshie
    $800 27
(Yoshie: What is sparkling wine?)
...
(Ken: [To Yoshie] I'm sure France will appreciate you saying that, but they actually say "America's favorite California [*]".)

champagne

Yoshie
Triple Stumper
    $800 26
whalebone

Emily
    $800 6
horsepower

Yoshie
    $6,000 15
J (or Q)

Emily
    $1200 13
Shirley Temple Black

Dave
    $4,000 23
["whoops" was lowercase in the clue.]

The Glass Menagerie

Emily
    $1200 10
mescal

Yoshie
    $1200 5
(Emily: What is a milk, seltzer, chocolate?)
[Laughter]
(Ken: No, that would be the opposite of a misnomer.)

an egg cream

DaveEmily
    $1200 9
choreographer

Emily
    $1600 20
neon

Dave
    $1600 16
Marian Anderson

Yoshie
    $1600 22
Our Town

Emily
    $1600 12
absinthe

Emily
    $1600 3
China

Yoshie
    $1600 8
bottlenose

Emily
    $2000 24
radium

Emily
    $2000 17
Midori

Yoshie
    $2000 21
Waiting for Godot

Dave
    $2000 11
grappa

Triple Stumper
    $2000 4
a guinea pig

Triple Stumper
    $2000 7
the bourgeoisie

Emily

Scores at the end of the Double Jeopardy! Round:

Dave Emily Yoshie
$11,800 $25,800 $9,200
(lock game)

[wagering suggestions for these scores]

Final Jeopardy! Round responses

ANCIENT GEOGRAPHY
(Ken: [To Yoshie] Until all those ice sheets melted you could walk from England to the Netherlands if that's what you were into.)
...
(Ken: [To Dave] What are the little doodles?)
(Dave: Oh, it's a "C" and an "S" for my daughters, Charlie and Samantha.)
YoshieWhat is North Sea?
$9,200
DaveWhat is Thank you, Mom!! {S} {C}
$0
EmilyWhat is the North Sea?
$0
the North Sea

Final scores:

Dave Emily Yoshie
$11,800 $25,800 $18,400
3rd place: $10,000 Finalist 2nd place: $10,000

Game dynamics:

Coryat scores:

Dave Emily Yoshie
$11,800 $21,400 $9,200
16 R,
1 W
26 R
(including 2 DDs),
2 W
(including 1 DD)
12 R,
2 W

Combined Coryat: $42,400

[game clues] [game scores] [suggest correction]

Game tape date: 2023-09-14
The J! Archive is created by fans, for fans. Scraping, republication, monetization, and malicious use prohibited; this site may use cookies and collect identifying information. See terms. The Jeopardy! game show and all elements thereof, including but not limited to copyright and trademark thereto, are the property of Jeopardy Productions, Inc. and are protected under law. This website is not affiliated with, sponsored by, or operated by Jeopardy Productions, Inc. Join the discussion at JBoard.tv.